| 000 | 00935 a2200253 4500 | ||
|---|---|---|---|
| 005 | 2008082601221.0 | ||
| 008 | 080826t xxu||||| |||| 00| 0 eng d | ||
| 010 | _aENG-87190 | ||
| 020 | _a9780070660007 | ||
| 020 |
_a007066000X _c225.00 |
||
| 035 | _aEN-70723 | ||
| 037 | _bDBAD / PUB | ||
| 082 | _a381.41091734 | ||
| 100 | _aDogra, Balram | ||
| 245 |
_aRural Marketing _bconcepts and practices _cby Balram Dogra and Karminder Ghuman |
||
| 260 |
_aNew Delhi _bTata McGraw-Hill Publishing _c2008 |
||
| 270 |
_a7, West Patel Nagar _bNew Delhi _e110 008 |
||
| 300 |
_axiv, 352 p. _c24 cm (pbk) |
||
| 500 | _aincludes index | ||
| 700 | _aDogra, Balram | ||
| 700 | _aGhuman, Karminder | ||
| 942 |
_adpl _cEN _k381.41091734/DOG _2ddc _h381.41091734 _mDOG |
||
| 999 |
_c6213 _d6213 |
||